|
|
|
|
| LEADER |
00000nam a22000007a 4500 |
| 005 |
2021022508168.0 |
| 007 |
cr|||| |||| |
| 008 |
210225s2015 us |||||s|||| 00||0 eng d |
| 020 |
|
|
|a 978-1-63425-259-1
|
| 035 |
|
|
|a 31355
|
| 040 |
|
|
|a vLex
|
| 090 |
|
|
|c 11277
|d 11277
|
| 100 |
1 |
|
|a Cantrell, W. Patrick
|
| 245 |
1 |
0 |
|a Federal Tax Procedures for Attorneys
|h [Recurso electrn̤ico] /
|c W. Patrick Cantrell
|
| 256 |
|
|
|a Servicio en ln̕ea
|
| 260 |
|
|
|a Chicago:
|b American Bar Association,
|c 2015
|
| 300 |
|
|
|a 1 recurso electrn̤ico
|
| 506 |
1 |
|
|a Disponible solo en los productos indicados
|d vLex Global
|d vLex Global (Academic Edition, excluding Law Schools)
|d vLex Global (Academic Edition, Law Schools)
|
| 650 |
0 |
4 |
|a Derecho Tributario
|z Estados Unidos
|
| 650 |
0 |
4 |
|a Abogados
|z Estados Unidos
|
| 740 |
0 |
|
|a vLex Libros (Servicio en ln̕ea)
|
| 856 |
4 |
0 |
|u http://vlex.com/source/federal-tax-procedures-attorneys-31355
|z Acceso restringido
|
| 942 |
|
|
|c BOOK
|
| 999 |
0 |
|
|a Tax Law
|
| 999 |
0 |
|
|a Lawyers
|